000 00526nam a2200181 i 4500
001 81489
003 ES-MaACL
005 20230906174440.0
007 t|
008 041104s1977 sp ||||1| cat d
245 0 0 _aAmadeu Hurtado, 1875-1950
_b: pensament politic i social.
260 _aBarcelona :
_bAriel,
_c[1977]
300 _aXXVII, 480 p., 1 lám. :
_bretr. aut. ;
_c22 cm.
490 1 _aHores de Catalunya
830 0 _aHores de Catalunya
_9185028
852 _aES-MaACL
_jA-6883
_bR.95935
999 _c81489
_d81489